| 000 | 01045nam a2200337Ia 4500 | ||
|---|---|---|---|
| 001 | Z_6033 | ||
| 003 | CHAP | ||
| 008 | 220113s2005 xx 000 0 und d | ||
| 010 | _a169249 | ||
| 020 | _a970-91790-6-3 | ||
| 040 | _cCHAP | ||
| 082 | _a631.875 Q56 | ||
| 100 | 1 |
_aQuintero Lizaola, Roberto _993423 |
|
| 245 |
_aManual para la medición de actividades enzimáticas en composta y vermicompost / _cRoberto Quiontero Lizaola, Ronald Ferrera Cerrato y Jorge D. Etchevers Barra |
||
| 260 |
_aMontecillo, Edo. de México : _bColegio de Postgraduados, _c2005 |
||
| 300 | _a51 p. | ||
| 503 | _aej.1: , ej.2: | ||
| 504 | _aBibliografía p. 47-51 | ||
| 650 |
_aAbonos _xEfecto en suelos _9265 |
||
| 650 |
_aCompostes _9143759 |
||
| 650 |
_aSuelos _xFertilidad _9110367 |
||
| 650 |
_aVermicompostes _9143760 |
||
| 700 |
_a Etchevers Barra, Jorge D., coaut. _9143761 |
||
| 700 |
_aFerrera Cerrato, Ronald, coaut. _9143762 |
||
| 901 | _a631.875 Q56 | ||
| 902 | _aM | ||
| 910 | _a2005 | ||
| 942 | _c1 | ||
| 942 | _cc1 | ||
| 999 |
_c169249 _d169249 |
||